000 00222 a2200097 4500
001 27541
100 _aBartlett, M.S
245 _aProbability statistics and time
260 _a
_bChapman hall
_c1975
090 _c18330
_d18330
942 _aNUST-CAE
_cM
_c9259
999 _c262614
_d262614